000 00437nam a2200157Ia 4500
005 20250508152110.0
008 008 250505s9999 xx 000 0 eng d
037 _aTextual
040 _aFEDL
_beng
_cFEDL
041 _aeng
_2eng
084 _a912, HAM
_qFEDL
245 0 _aHammond's World atlas and gazetteer
260 _aNew York, USA
_bC S Hammond and Company
942 _cTEXL
_h912, HAM
999 _c1334246
_d1334246